| LEADER |
00957nam0a2200229 450 |
| 001 |
16847833 |
| 010 |
|
|
|a 978-2-84230-418-8
|b Br.
|d 25
|
| 100 |
|
|
|a 20110630d2011 u u0frey01 ba
|
| 101 |
1 |
|
|a fre
|c eng
|
| 102 |
|
|
|a FR
|
| 200 |
0 |
|
|a Camping-cars rétro
|f Jane Field-Lewis, Chris Haddon
|g photographies Tina Hillier
|
| 207 |
|
1 |
|a
|
| 210 |
|
|
|a Paris
|b 12, rue du Dragon.
|c Hoëbeke
|d 2011
|
| 215 |
|
|
|a 160 p.
|c illustrations en couleur
|d 23 x 19 cm
|
| 225 |
1 |
|
|a Art de vivre
|
| 330 |
|
|
|a Cet ouvrage explore la vogue des camping-cars, camionnettes et autres fourgonnettes rétro. Les combi VW, les modèles à toits ouvrants et auvents intégrés et la Land Rover sont aussi présentés.
|
| 700 |
|
0 |
|a Field-Lewis
|b Jane
|4 70
|
| 701 |
|
0 |
|a Haddon
|b Chris
|4 70
|
| 701 |
|
0 |
|a Hillier
|b Tina
|4 600
|
| 900 |
|
|
|a Documentaire
|
| 901 |
|
|
|a Accessible au prêt
|
| 995 |
|
|
|a Bibliothèque
|c Bibliothèque
|f 00156008228512
|h 00156008228512
|k 629.2 FIE
|o p
|q a
|r az
|e Bibliothèque
|